000 00247nam a2200085Ia 4500
245 0 _aPhysical science grade 10-12
100 _a MODLIN, David Norwood, [South Africa], 2006
_982190
942 _cBK
008 210817s9999 xx 000 0 und d
999 _c296179
_d296178